Revista del Instituto Arqueológico / (Record no. 21897)

000 -CABECERA
fixed length control field 01816nam a22002897a 4500
003 - IDENTIFICADOR DEL NÚMERO DE CONTROL
control field AR-CdUCM
008 - DATOS DE LONGITUD FIJA--INFORMACIÓN GENERAL
fixed length control field 190425b ||||| |||| 00| 0 spa d
040 ## - FUENTE DE LA CATALOGACIÓN
Agencia/entidad que catalogó originalmente la obra MUNICIPALIDAD PROVINCIAL DEL CUSCO
Entidad que transcribió la catalogación BIBLIOTECA MUNICIPAL DEL CUSCO
082 ## - NÚMERO DE LA CLASIFICACIÓN DECIMAL DEWEY
No. de Clasificación Rev.DIMA/N°2/1937
110 ## - ENTRADA PRINCIPAL--NOMBRE DE ENTIDAD CORPORATIVA
Nombre de la institución, jurisdicción como entrada principal Instituto Arqueológico del Cuzco
9 (RLIN) 30920
245 ## - MENCIÓN DE TÍTULO
Título Revista del Instituto Arqueológico /
Mención de responsabilidad Luis A. Pardo, director, Universidad Nacional del Cusco
260 ## - PUBLICACIÓN, DISTRIBUCIÓN, ETC.
Lugar de publicación, distribución, etc. Cusco :
Nombre de la editorial, distribuidor, etc. H.G. Rozas,
Fecha de publicación, distribución, etc. 1937.
300 ## - DESCRIPCIÓN FÍSICA
Nº de Páginas Extensión 98 páginas. :
Dimensiones 21 cm.
440 ## - MENCIÓN DE SERIE/PUNTO DE ACCESO ADICIONAL--TÍTULO
Título Revista del Instituto Arqueológico.
Número de la parte/sección de una obra Año II, primer semestre, 1937. N°2.
9 (RLIN) 46727
505 ## - NOTA DE CONTENIDO CON FORMATO
Nota de contenido formateada Contenido: Arqueología. -- Exposición de las ruinas del Santuario de Huiraccocha. Luis A. Pardo. -- Crónicas de Chumbivilcas apuntes de mi diario de viaje. Luis Márquez Eyzaguirre. -- Historia. -- Doña Leonor de Soto. Juan A. Casanova. -- El Congreso Confederal de 1837. Julián Santisteban Ochoa. -- Imprescriptibles títulos de los Derechos del Perú a las regiones territoriales que nos disputa la vecina República del Ecuador. Ambrosio Morales. -- El Chasqui. Maximiliano Rendón. -- Ruindad del compadre. Ángel Carreño. -- Antropología. -- Notas sobre la Antropología. Víctor M. Pilares Polo. -- Filología. -- Aportes para una gramática cjeswa. S. Astete Ch. -- Arte. -- La música en el Perú y el maestro Alberto Villalba Muñiz. S. Astete Ch.
650 ## - PUNTO DE ACCESO ADICIONAL DE MATERIA--TÉRMINO DE MATERIA
Descriptor Arqueología cusqueña
9 (RLIN) 9322
650 ## - PUNTO DE ACCESO ADICIONAL DE MATERIA--TÉRMINO DE MATERIA
Descriptor Arquitectura Inka
9 (RLIN) 45226
650 ## - PUNTO DE ACCESO ADICIONAL DE MATERIA--TÉRMINO DE MATERIA
Descriptor Inkas
9 (RLIN) 1899
650 ## - PUNTO DE ACCESO ADICIONAL DE MATERIA--TÉRMINO DE MATERIA
Descriptor Confederación Perú boliviana
9 (RLIN) 29846
650 ## - PUNTO DE ACCESO ADICIONAL DE MATERIA--TÉRMINO DE MATERIA
Descriptor Raqchi
9 (RLIN) 45892
650 ## - PUNTO DE ACCESO ADICIONAL DE MATERIA--TÉRMINO DE MATERIA
Descriptor Centros arqueológicos
9 (RLIN) 3230
700 ## - PUNTO DE ACCESO ADICIONAL--NOMBRE DE PERSONA
Nombre Personal Pardo, Luis A
9 (RLIN) 25736
700 ## - PUNTO DE ACCESO ADICIONAL--NOMBRE DE PERSONA
Nombre Personal Carreño, Ángel
9 (RLIN) 27901
710 ## - PUNTO DE ACCESO ADICIONAL--NOMBRE DE ENTIDAD CORPORATIVA
Nombre corporativo (En letras Mayúsculas) Universidad Nacional de San Antonio Abad del Cusco
9 (RLIN) 15942
942 ## - ELEMENTOS DE PUNTO DE ACCESO ADICIONAL (KOHA)
Fuente de clasificación
Tipo de item Revistas cusqueñas
945 ## - PROCESAMIENTO DE INFORMACIÓN LOCAL (OCLC)
Catalogador rac
Holdings
Estado de retiro (separado) Fuente de clasificación o esquema de estanterías Estado dañado Ubicación Sala donde se ubica Nombre de la colección Fecha de adquisición o compra Costo, precio normal en soles Signatura topográfica Código de Barras Última vez visto (Koha) Tipo de ítem (Koha)
No     Sala Hemeroteca Sala Hemeroteca Book Cart 2021-09-27 10.00 Rev.DIMA/N°2/1937 REVC000347 2021-09-27 Revistas cusqueñas

Powered by Koha